000 00543nam a22002177a 4500
003 UA-OsUOA
001 72079
007 ta
008 20101220b un ||||| |||| 00| 0 ukr d
100 _aСерстюк Є.
090 _a94(477)
_bС33
942 _cSA
040 _aUA-OsUOA
_bukr
_cUA-OsUOA
_dUA-OsUOA
245 _aПідступна хода сталінізму
300 _aС.4
955 _a0
041 _aukr
080 _a94(477)
773 0 _w72078
650 7 _a9 Географія. Біографії. Історія
_2UDC
999 _c358367
_d358367